000
00329nam a2200157Ia 4500
100
_a
Ganguli/Ranjan
650
_a
Optimization
942
_c
BK
366
_f
23
245
_a
Engineering Optimization
260
_b
Universities Press
_c
2011
082
_b
GAN
300
_a
257
546
_a
ENGLISH
_c
Info.Tech
999
_c
32449
_d
32449